Normal view
MARC view
- Animation:Master
Entry Uniform Title
001 - CONTROL NUMBER
- control field: 82296
003 - CONTROL NUMBER IDENTIFIER
- control field: NUST
005 - DATE AND TIME OF LATEST TRANSACTION
- control field: 20210909104451.0
008 - FIXED-LENGTH DATA ELEMENTS
- fixed length control field: 210909|| aca||aabn | a|a d
040 ## - CATALOGING SOURCE
- Original cataloging agency: NUST
- Transcribing agency: NUST
130 ## - HEADING--UNIFORM TITLE
- Uniform title: Animation:Master
670 ## - SOURCE DATA FOUND
- Source citation: Work cat.: (NUST)31743: Rogers, David. 82295, Animation:Master :, c2007.
